Dret orgànic municipal : resum de les lliçons esplicades / per Isidre Lloret resum de les lliçons esplicades / per Isidre Lloret
Descripción Física:
549 p. ; 22 cm
Materias:
Dret municipal
MARC
| LEADER | 00000nam a2200000Ia 4500 | ||
|---|---|---|---|
| 001 | 834 | ||
| 008 | 160829s1914 xx 000 0 cat d | ||
| 710 | 1 | |a Barcelona (Catalunya : Província). |b Diputació |9 52408 | |
| 710 | 2 | |a Escola de Funcionaris d'Administració Local (Barcelona, Catalunya) |9 53176 | |
| 952 | |0 0 |1 0 |4 0 |6 D191 |7 1 |9 43096 |a Arxiu |b Arxiu |d 2016-12-01 |l 0 |o D-1-91 |p 834 |r 2016-12-01 00:00:00 |w 2016-12-01 |y ARXIU | ||
| 999 | |c 45640 |d 45640 | ||
| 080 | |a D-1-91 | ||
| 100 | |a Lloret, Isidre |9 24338 | ||
| 245 | |a Dret orgànic municipal : |b resum de les lliçons esplicades / per Isidre Lloret | ||
| 260 | |a Badalona : |b Tallers Graf. d'Antoni Lloret, |c 1914 | ||
| 300 | |a 549 p. ; |c 22 cm | ||
| 590 | |a Abans del títol: Escola de Funcionaris d'Administració Local creada per la Diputació Provincial de Barcelona | ||
| 650 | |a Dret municipal |9 22170 | ||
| 901 | |a Arxiu | ||
| 942 | |n 1 |2 udc | ||